| 000 | 00729cam a22002174a 4500 | ||
|---|---|---|---|
| 999 |
_c2686 _d2686 |
||
| 001 | 6482 | ||
| 003 | BD-DhUAP | ||
| 005 | 20200226175609.0 | ||
| 008 | 200226s2001 nyua b 001 0 eng | ||
| 020 | _a0810942267 | ||
| 040 |
_aDLC _cDLC _dBD-DhUAP _bEng |
||
| 082 | 0 | 0 |
_223 _a720.92 RYK |
| 100 | 1 | _aRykwert, Joseph. | |
| 245 | 1 | 0 |
_aLouis Kahn / _cJoseph Rykwert ; new photographed by Roberto Schezen. |
| 260 |
_aNew York : _bH.N. Abrams, _cc2001. |
||
| 300 |
_a223 pages : _billustratiopns ; _c32 cm. |
||
| 504 | _aIncludes bibliographical references (p. 217) and index. | ||
| 600 | 1 | 0 |
_aKahn, Louis I., _d1901-1974 _xCriticism and interpretation. |
| 650 | 0 |
_aArchitecture _zUnited States _xHistory _y20th century. |
|
| 942 |
_2ddc _cBK |
||